|
|
|
|
| LEADER |
00000cam a2200000 c 4500 |
| 001 |
272429031 |
| 003 |
DE-627 |
| 005 |
20260206194444.0 |
| 007 |
tu |
| 008 |
930331s1993 gw ||||| 00| ||ger c |
| 015 |
|
|
|a 93,N08,0201
|2 dnb
|
| 015 |
|
|
|a 93,A20,0360
|2 dnb
|
| 016 |
7 |
|
|a 930379233
|2 DE-101
|
| 020 |
|
|
|a 3518286641
|9 3-518-28664-1
|
| 035 |
|
|
|a (DE-627)272429031
|
| 035 |
|
|
|a (DE-603)023642165
|
| 035 |
|
|
|a (DE-576)032590962
|
| 035 |
|
|
|a (DE-599)GBV272429031
|
| 035 |
|
|
|a (OCoLC)243734833
|
| 035 |
|
|
|a (OCoLC)831380307
|
| 035 |
|
|
|a (OCoLC)28693885
|
| 035 |
|
|
|a (JUB)b10606233
|
| 040 |
|
|
|a DE-627
|b ger
|c DE-627
|e rakwb
|
| 041 |
|
|
|a ger
|
| 044 |
|
|
|c XA-DE
|
| 050 |
|
0 |
|a HM141
|
| 084 |
|
|
|a POL 75
|2 sfb
|
| 084 |
|
|
|a POL 230
|2 sfb
|
| 084 |
|
|
|a POL 237
|2 sfb
|
| 084 |
|
|
|a 14
|a 16
|2 sdnb
|
| 084 |
|
|
|a 16
|2 sdnb
|
| 084 |
|
|
|a 1
|2 ssgn
|
| 084 |
|
|
|a 3,6
|2 ssgn
|
| 084 |
|
|
|a MF 2000
|2 rvk
|0 (DE-625)rvk/122663:
|
| 084 |
|
|
|a MD 1700
|2 rvk
|0 (DE-625)rvk/122495:
|
| 084 |
|
|
|a MD 7400
|2 rvk
|0 (DE-625)rvk/122540:
|
| 084 |
|
|
|a MG 15321
|2 rvk
|0 (DE-625)rvk/122818:12086
|
| 084 |
|
|
|a MF 3210
|2 rvk
|0 (DE-625)rvk/122692:
|
| 084 |
|
|
|a 89.61
|2 bkl
|
| 084 |
|
|
|a 89.05
|2 bkl
|
| 100 |
1 |
|
|a Beyme, Klaus von
|d 1934-2021
|0 (DE-588)117757241
|0 (DE-627)07917289X
|0 (DE-576)160283485
|4 aut
|
| 109 |
|
|
|a Beyme, Klaus von 1934-2021
|a Bajme, Klaus 1934-2021
|a Beyme, Klaus 1934-2021
|a Beyme, K. von 1934-2021
|a Von Beyme, Klaus 1934-2021
|a Beyme, K. v. 1934-2021
|a Beyme, Klaus v. 1934-2021
|a Beyme, Klaus Gustav Heinrich von 1934-2021
|
| 245 |
1 |
4 |
|a Die politische Klasse im Parteienstaat
|c Klaus von Beyme
|
| 250 |
|
|
|a 1. Aufl.
|
| 264 |
|
1 |
|a Frankfurt am Main
|b Suhrkamp
|c 1993
|
| 300 |
|
|
|a 221 S.
|
| 336 |
|
|
|a Text
|b txt
|2 rdacontent
|
| 337 |
|
|
|a ohne Hilfsmittel zu benutzen
|b n
|2 rdamedia
|
| 338 |
|
|
|a Band
|b nc
|2 rdacarrier
|
| 490 |
0 |
|
|a [Suhrkamp-Taschenbuch / Wissenschaft] Suhrkamp-Taschenbuch Wissenschaft
|v 1064
|
| 500 |
|
|
|a Literaturverz. S. 211 - [222]
|
| 505 |
8 |
|
|a Literaturverz. S. 211 - [222]
|
| 505 |
8 |
|
|a Literaturverz. S. 211 - [222]
|
| 505 |
8 |
|
|a Literaturverz. S. 211 - [222]
|
| 583 |
1 |
|
|a Archivierung/Langzeitarchivierung gewährleistet
|f SSG
|x XA-DE-BW
|2 pdager
|5 DE-21
|
| 650 |
0 |
7 |
|0 (DE-588)4121451-1
|0 (DE-627)105769509
|0 (DE-576)209543388
|a Parteienstaat
|2 gnd
|
| 650 |
0 |
7 |
|0 (DE-588)4076219-1
|0 (DE-627)104189045
|0 (DE-576)209201215
|a Politische Elite
|2 gnd
|
| 650 |
|
4 |
|a Soziale Klasse
|
| 650 |
|
4 |
|a Politik
|
| 650 |
|
4 |
|a Elite
|
| 650 |
|
4 |
|a Partei
|
| 650 |
|
4 |
|a Staat
|
| 653 |
|
0 |
|a Elite (Social sciences)
|a Germany
|
| 653 |
|
0 |
|a Politicians
|a Germany
|
| 653 |
|
0 |
|a Political parties
|a Germany
|
| 653 |
|
0 |
|a Elite (Social sciences)
|
| 653 |
|
0 |
|a Politicians
|
| 653 |
|
0 |
|a Political parties
|
| 689 |
0 |
0 |
|d s
|0 (DE-588)4121451-1
|0 (DE-627)105769509
|0 (DE-576)209543388
|a Parteienstaat
|2 gnd
|
| 689 |
0 |
1 |
|d s
|0 (DE-588)4076219-1
|0 (DE-627)104189045
|0 (DE-576)209201215
|a Politische Elite
|2 gnd
|
| 689 |
0 |
|
|5 DE-101
|
| 889 |
|
|
|w (DE-576)452005892
|
| 889 |
|
|
|w (DE-576)9124297615
|
| 889 |
|
|
|w (DE-627)124059511
|
| 889 |
|
|
|w (DE-627)124297617
|
| 889 |
|
|
|w (DE-627)1522005897
|
| 935 |
|
|
|a mteo
|
| 935 |
|
|
|i Blocktest
|
| 935 |
|
|
|i mdedup
|
| 935 |
|
|
|h HEB
|i 0501
|
| 935 |
|
|
|h HEB
|i 0503
|
| 936 |
r |
v |
|a MF 2000
|b Interessenverbände, politische Gruppen. Allgemeines
|k Politologie
|k Politische Systeme: einzelne Elemente
|k Interessenverbände, politische Gruppen
|k Interessenverbände, politische Gruppen. Allgemeines
|0 (DE-627)1271428652
|0 (DE-625)rvk/122663:
|0 (DE-576)201428652
|
| 936 |
r |
v |
|a MD 1700
|b Elitetheorien
|k Politologie
|k Politische Theorie, Grundbegriffe des Politischen
|k Konflikttheorien
|k Elitetheorien
|0 (DE-627)1271425556
|0 (DE-625)rvk/122495:
|0 (DE-576)201425556
|
| 936 |
r |
v |
|a MD 7400
|b Politische Führung
|k Politologie
|k Politische Theorie, Grundbegriffe des Politischen
|k Politische Entscheidungslehre
|k Politische Führung
|0 (DE-627)1271425823
|0 (DE-625)rvk/122540:
|0 (DE-576)201425823
|
| 936 |
r |
v |
|a MG 15321
|b Parteiapparat, Willensbildung
|k Politologie
|k Politische Systeme einzelner Länder
|k Europa, Nordamerika
|k Westeuropa, Mitteleuropa
|k Bundesrepublik Deutschland
|k Bundesrepublik Deutschland
|k Parteien und politische Bewegungen
|k Aufbau, Organisation, Taktik
|k Parteiapparat, Willensbildung
|0 (DE-627)1271764598
|0 (DE-625)rvk/122818:12086
|0 (DE-576)201764598
|
| 936 |
r |
v |
|a MF 3210
|b Parteiapparat, Willensbildung (Vorstand, Ausschüsse, Parteitage, Flügel, Konflikt usw.)
|k Politologie
|k Politische Systeme: einzelne Elemente
|k Parteien und politische Bewegungen
|k Aufbau, Organisation, Taktik
|k Parteiapparat, Willensbildung (Vorstand, Ausschüsse, Parteitage, Flügel, Konflikt usw.)
|0 (DE-627)127142889X
|0 (DE-625)rvk/122692:
|0 (DE-576)20142889X
|
| 936 |
b |
k |
|a 89.61
|j Politische Parteien
|0 (DE-627)106417495
|
| 936 |
b |
k |
|a 89.05
|j Politische Theorie
|0 (DE-627)106416642
|
| 936 |
s |
n |
|a m100
|2 mzub
|
| 936 |
s |
n |
|a n100
|2 mzub
|
| 951 |
|
|
|a BO
|
| ELC |
|
|
|b 1
|
| LOK |
|
|
|0 000 xxxxxcx a22 zn 4500
|
| LOK |
|
|
|0 001 2873302119
|
| LOK |
|
|
|0 003 DE-627
|
| LOK |
|
|
|0 004 272429031
|
| LOK |
|
|
|0 005 20230209205547
|
| LOK |
|
|
|0 008 150728||||||||||||||||ger|||||||
|
| LOK |
|
|
|0 035
|a (DE-21-110)kd18424
|
| LOK |
|
|
|0 040
|a DE-21-110
|c DE-627
|d DE-21-110
|
| LOK |
|
|
|0 689
|a s
|a Parteienstaat
|
| LOK |
|
|
|0 689
|a s
|a Politische Klasse
|
| LOK |
|
|
|0 689
|a s
|a Elite
|
| LOK |
|
|
|0 852
|a DE-21-110
|
| LOK |
|
|
|0 852 1
|c O X 464
|m p
|9 00
|
| LOK |
|
|
|0 935
|a k110
|
| LOK |
|
|
|0 938
|k p
|
| LOK |
|
|
|0 939
|a 28-07-15
|b l01
|
| ORI |
|
|
|a SA-MARC-krimdoka001.raw
|
| SIG |
|
|
|a IFK: O X 464
|